000 00650nam a2200265Ia 4500
003 OSt
005 20220912152855.0
006 a|||||r|||| 00| 0
007 ta
008 220909b |||||||| |||| 00| 0 eng d
024 _a33574
037 _cTextual
040 _aCSL
_beng
_cCSL
041 _aeng
082 _aY2:6.41.N7, L8
100 _aBuxbaum David C Ed.
245 0 _aChinese family law and social change
260 _c1978
300 _ap.
_ccm.
650 _a Social change
650 _a Sociology
650 _aFamily
942 _hY2:6.41.N7, L8
_cTEXL
_2CC
999 _c92550
_d92550